3 indices, 1 film - Niveau Facile - Statistiques

Statistiques générales
  • Ce quiz a été pris 740 fois
  • Le résultat moyen est 8 sur 10
Statistiques - réponses
Hint Réponse % Correct
savane - Simba - Disney Le roi lion
96%
Parc - ADN - dinosaure Jurassic Park
95%
bateau - Rose - diamant Titanic
92%
Pandora - Na'vis - exploitation Avatar
83%
Piston Cup - voiture - Martin Cars
79%
Loki - New york - superhéro Avengers
76%
Tatooine - combat - Force Star wars
76%
champs de mais - poussiere - espace Interstellar
62%
Samuel L.Jackson - Tarantino - Marcelus Wallace Pulp Fiction
55%
Jordan - New york - courtier Le loup de Wall Street
54%
Aucun quiz correspondant
Distribution des résultats
% des personnes avec chaque résultat
Percentile par nombre de réponses
Votre historique - résultats
Vous n’avez pas pris ce quiz